University Home | Library Home | Institutional Repository

Brunner and Suddarth's textbook of medical surgical nursing/ (Record no. 49676)

MARC details
000 -LEADER
fixed length control field 00665cam a2200193 4500
008 - FIXED-LENGTH DATA ELEMENTS--GENERAL INFORMATION
fixed length control field 130417n 000 0 eng u
020 ## - INTERNATIONAL STANDARD BOOK NUMBER
International Standard Book Number 9780781791304
035 ## - SYSTEM CONTROL NUMBER
System control number (Sirsi) a178704
050 ## - LIBRARY OF CONGRESS CALL NUMBER
Classification number RT 41 BRU 2007
245 ## - TITLE STATEMENT
Title Brunner and Suddarth's textbook of medical surgical nursing/
Statement of responsibility, etc. by Rene A. Day... [et. al]
260 ## - PUBLICATION, DISTRIBUTION, ETC.
Place of publication, distribution, etc. Philadelphia:
Name of publisher, distributor, etc. Lippincott Williams and Wilkins,
Date of publication, distribution, etc. 2007.
300 ## - PHYSICAL DESCRIPTION
Extent xxxiv, 2252p.:
Other physical details ill.
500 ## - GENERAL NOTE
General note Includes CD Rom and online access code instructions
504 ## - BIBLIOGRAPHY, ETC. NOTE
Bibliography, etc. note Includes bibliographical references and index
650 ## - SUBJECT ADDED ENTRY--TOPICAL TERM
Topical term or geographic name entry element Nursing
650 ## - SUBJECT ADDED ENTRY--TOPICAL TERM
Topical term or geographic name entry element Nursing Process
650 ## - SUBJECT ADDED ENTRY--TOPICAL TERM
Topical term or geographic name entry element Surgical nursing
700 ## - ADDED ENTRY--PERSONAL NAME
Personal name Day, Rene A.

No items available.

© 2026 - The University of Zambia Library - Koha v25.11